[Event "AUTO-MASTER-2670"]
[Site "http://www.queenalice.com/game.php?id=1529504"]
[Date "2018.6.2"]
[Round "2"]
[White "pdebonis"]
[Black "Buuuu"]
[Result "1-0"]
[WhiteElo "2481"]
[BlackElo "2188"]

1. e4 c6 2. d4 d5 3. e5 Bf5 4. Nf3 e6 5. Be2 Nd7 6. O-O Bb4 7. c3 Ba5 8. Bg5 f6
9. exf6 gxf6 10. Be3 Ne7 11. Nh4 Bg6 12. Re1 O-O 13. Bh6 Rf7 14. Bg4 f5 15. Bh3
Nf6 16. Rxe6 Ne4 17. Nd2 Qd7 18. Nxe4 dxe4 19. Rxe4 Bc7 20. Qd2 Qd5 21. Re2 f4
22. Rae1 Bd6 23. Be6 Qh5 24. Bxf4 Bxf4 25. Qxf4 Nd5 26. Qg3 Rf8 27. Re5 Qh6 28.
Nf5 Qh5 29. Bxf7+ Rxf7 30. Re8+ Rf8 31. Rxf8+ Kxf8 32. Qd6+ Kf7 33. Re7+ 1-0

[Event "AUTO-ELITE-1918"]
[Site "http://www.queenalice.com/game.php?id=1529958"]
[Date "2018.6.5"]
[Round "2"]
[White "pdebonis"]
[Black "Rachman"]
[Result "1/2-1/2"]
[WhiteElo "2514"]
[BlackElo "2423"]

1. e4 e6 2. d4 d5 3. Nd2 Nf6 4. e5 Nfd7 5. c3 c5 6. Bd3 Nc6 7. Ne2 f6 8. exf6
Nxf6 9. Nf3 cxd4 10. cxd4 Bd6 11. O-O Qc7 12. g3 O-O 13. Bf4 Ng4 14. Bb5 Bd7 15.
Qd2 a6 16. Bxd6 Qxd6 17. Bxc6 Bxc6 18. Nf4 e5 19. dxe5 Nxe5 20. Nxe5 Qxe5 21.
Rae1 Qd6 22. Ne6 Rfe8 23. Nd4 Bd7 24. Kg2 h6 25. f3 Rac8 26. Rxe8+ Rxe8 27. Rd1
Qc7 28. b3 Qe5 29. Qc3 Qh5 30. Re1 Qh3+ 31. Kg1 Qh5 32. Rxe8+ Qxe8 33. h4 Qe5
34. Kf2 Kf7 35. Qc5 Kg8 36. a4 Kf7 37. Ne2 Bc6 38. Qe3 Kf6 39. Qb6 Kf7 40. Nd4
Bd7 41. Qc5 Kg8 42. Ne2 Bc6 43. Qe3 Qd6 44. h5 Kf7 45. Kg2 Qe6 46. Qd2 Qe5 47.
g4 Kg8 48. Nd4 Bd7 49. Qd3 Kh8 50. Ne2 Kg8 51. Kf2 Bc6 52. Qe3 Qh2+ 53. Ke1 Qh4+
54. Kd2 Qf6 55. Kc2 Qd6 56. Qd4 Qe7 57. Kd3 Qa3 58. Qc3 Qe7 59. Kd2 Qd6 60. Qd4
Qa3 61. Qe3 Qb2+ 62. Ke1 Qf6 63. Kf1 Kf7 64. Kg2 Bd7 65. Nd4 Qd6 66. Qc3 Qe5 67.
Qb4 1/2-1/2

[Event "AUTO-ELITE-1918"]
[Site "http://www.queenalice.com/game.php?id=1529959"]
[Date "2018.6.5"]
[Round "2"]
[White "Rachman"]
[Black "pdebonis"]
[Result "1/2-1/2"]
[WhiteElo "2296"]
[BlackElo "2483"]

1. c4 Nf6 2. g3 e6 3. Bg2 d5 4. Nf3 Be7 5. O-O O-O 6. d4 dxc4 7. Ne5 Nc6 8. Bxc6
bxc6 9. Nxc6 Qd7 10. Nxe7+ Qxe7 11. Qa4 e5 12. dxe5 Qxe5 13. Nc3 Qe6 14. Bf4 Rb8
15. Rab1 Ne4 16. Qc2 Nxc3 17. bxc3 Rxb1 18. Rxb1 Re8 19. Rb8 Qe7 20. Qd2 Rd8 21.
Qe3 Rd1+ 22. Kg2 Qd7 1/2-1/2

[Event "AUTO-OPEN-3864"]
[Site "http://www.queenalice.com/game.php?id=1539200"]
[Date "2018.8.17"]
[Round "3"]
[White "astrologo"]
[Black "pdebonis"]
[Result "0-1"]
[WhiteElo "2278"]
[BlackElo "2485"]

1. e4 e6 2. d4 d5 3. exd5 exd5 4. Nf3 Nf6 5. Bd3 Bd6 6. O-O O-O 7. Bg5 Be6 8.
Re1 h6 9. Bd2 Re8 10. Ne5 c5 11. c3 Qb6 12. Qb3 Qc7 13. Qd1 Nc6 14. f4 cxd4 15.
cxd4 Nxd4 16. Nc3 Nc6 17. Nb5 Bc5+ 18. Kh1 Qb6 19. a4 a6 20. a5 Qd8 21. Nxc6
bxc6 22. Nc3 Ng4 23. Rf1 Qh4 24. h3 Qg3 25. hxg4 Qh4# 0-1

[Event "AUTO-ELITE-1917"]
[Site "http://www.queenalice.com/game.php?id=1543272"]
[Date "2018.9.22"]
[Round "2"]
[White "pdebonis"]
[Black "Robi"]
[Result "0-1"]
[WhiteElo "2520"]
[BlackElo "2747"]

1. d4 Nf6 2. Bg5 d5 3. Bxf6 exf6 4. e3 Bd6 5. c4 dxc4 6. Bxc4 O-O 7. Nc3 f5 8.
Nf3 Nd7 9. O-O c6 10. Rc1 Nf6 11. a3 g6 12. Re1 Kg7 13. g3 Qe7 14. Nd2 h6 15. e4
fxe4 16. Ncxe4 Bf5 17. Nc5 Qc7 18. Qb3 Rab8 19. Nf3 Rfd8 20. Ne5 Rf8 21. Re2 h5
22. Rce1 h4 23. gxh4 Nh5 24. Qc3 Nf6 0-1

[Event "AUTO-ELITE-1917"]
[Site "http://www.queenalice.com/game.php?id=1543273"]
[Date "2018.9.22"]
[Round "2"]
[White "Robi"]
[Black "pdebonis"]
[Result "1-0"]
[WhiteElo "2750"]
[BlackElo "2517"]

1. e4 e6 2. d4 d5 3. Nc3 Nf6 4. e5 Nfd7 5. f4 c5 6. Nf3 Nc6 7. Be3 Be7 8. Qd2
O-O 9. dxc5 Nxc5 10. O-O-O b6 11. Kb1 Bb7 12. Qe1 Qb8 13. h4 Qc8 14. Nb5 Qb8 15.
h5 h6 16. Nbd4 Nxd4 17. Bxd4 Qe8 18. g4 Rc8 19. g5 hxg5 20. Nxg5 Qa4 21. b3 Qc6
22. Rd2 Ne4 23. Rg2 Kh8 24. Bd3 Nc3+ 25. Ka1 1-0

[Event "AUTO-OPEN-3877"]
[Site "http://www.queenalice.com/game.php?id=1545920"]
[Date "2018.10.15"]
[Round "3"]
[White "jagiellonczyk"]
[Black "pdebonis"]
[Result "0-1"]
[WhiteElo "2079"]
[BlackElo "2534"]

1. e4 e6 2. d4 d5 3. Nc3 Bb4 4. Bd3 dxe4 5. Bxe4 Nf6 6. Bd3 c5 7. dxc5 Nbd7 8.
Be3 Nxc5 9. Bxc5 Bxc5 10. Nf3 O-O 11. O-O Be7 12. a4 a6 13. Qe2 Qc7 14. Rfd1 Rd8
15. Rab1 Bd7 16. Qe1 Bc6 17. Be2 Bb4 18. Ra1 Ne4 19. Rxd8+ Rxd8 20. Bd3 Bxc3 21.
bxc3 Nc5 22. Qe3 Nxd3 23. cxd3 Bxf3 24. Qxf3 Qxc3 25. Rd1 Qc2 26. a5 Rd5 27. Kf1
g6 28. Ke1 Qc7 29. Qf6 Rf5 30. Qh4 Qc3+ 31. Kf1 Qc2 32. Re1 Qxd3+ 33. Kg1 Qd2
34. Ra1 Rxa5 35. Rb1 b5 36. h3 Ra2 37. Rf1 b4 38. Qc4 a5 39. Qc8+ Kg7 40. g4 Qd4
41. Qc1 b3 42. Qg5 b2 43. Qb5 Ra1 44. g5 Rxf1+ 45. Qxf1 Qf4 46. Qb1 Qc1+ 47.
Qxc1 bxc1=Q+ 48. Kg2 a4 49. Kg3 a3 50. f4 Qe3+ 51. Kg4 Qf2 52. h4 Qg2# 0-1

[Event "AUTO-OPEN-3877"]
[Site "http://www.queenalice.com/game.php?id=1545921"]
[Date "2018.10.15"]
[Round "3"]
[White "pdebonis"]
[Black "jagiellonczyk"]
[Result "1-0"]
[WhiteElo "2514"]
[BlackElo "1994"]

1. e4 e5 2. Nf3 Nc6 3. Bb5 Nf6 4. Nc3 d6 5. d4 exd4 6. Nxd4 Bd7 7. O-O Be7 8.
Be2 O-O 9. Be3 a6 10. f4 b6 11. Bf3 Nxd4 12. Bxd4 Rb8 13. e5 Ne8 14. Qe2 a5 15.
Rad1 c5 16. Be3 Be6 17. Nd5 Bxd5 18. Bxd5 b5 19. f5 Qc7 20. f6 Bd8 21. fxg7 Nxg7
22. exd6 Qa7 23. d7 Bb6 24. Bh6 c4+ 25. Kh1 Qc7 26. Qe7 Bc5 27. Bxf7+ Kh8 28.
Bxg7+ Kxg7 29. Qf6# 1-0

[Event "AUTO-MASTER-2674"]
[Site "http://www.queenalice.com/game.php?id=1547760"]
[Date "2018.10.30"]
[Round "2"]
[White "Lopesq"]
[Black "pdebonis"]
[Result "0-1"]
[WhiteElo "2356"]
[BlackElo "2515"]

1. d4 Nf6 2. Nf3 e6 3. Bg5 c5 4. e3 Nc6 5. c3 d5 6. Nbd2 Bd6 7. Bd3 h6 8. Bf4
cxd4 9. cxd4 Bxf4 10. exf4 a5 11. O-O O-O 12. Qb3 a4 13. Qa3 Qb6 14. Rac1 Nxd4
15. Nxd4 Qxd4 16. g3 Bd7 17. Nf3 Qb6 18. Ne5 Rfc8 19. Rxc8+ Rxc8 20. Nxd7 Nxd7
21. Qxa4 Nf6 22. Qb3 Qxb3 23. axb3 Ra8 24. Kg2 Ra2 25. Rc1 g5 26. fxg5 hxg5 27.
Rc2 Ra1 28. Rc7 b6 29. h3 Kg7 0-1

[Event "AUTO-MASTER-2674"]
[Site "http://www.queenalice.com/game.php?id=1547761"]
[Date "2018.10.30"]
[Round "2"]
[White "pdebonis"]
[Black "Lopesq"]
[Result "1-0"]
[WhiteElo "2520"]
[BlackElo "2349"]

1. d4 d5 2. c4 dxc4 3. Nf3 e6 4. e3 c6 5. Bxc4 Nf6 6. O-O Nbd7 7. Nc3 Bd6 8. e4
e5 9. dxe5 Nxe5 10. Nxe5 Bxe5 11. Qxd8+ Kxd8 12. Bxf7 Ke7 13. Bb3 Be6 14. Bc2
Rhd8 15. g3 b5 16. Re1 b4 17. Ne2 Bc4 18. Kg2 c5 19. Ba4 Rab8 20. Ng1 h6 21. Nf3
Bd4 22. Nxd4 cxd4 23. Bf4 Rbc8 24. Bd2 a5 25. a3 bxa3 26. b3 Be6 27. Bxa5 d3 28.
Bxd8+ Rxd8 29. Rxa3 d2 30. Rd1 1-0

[Event "AUTO-MASTER-2674"]
[Site "http://www.queenalice.com/game.php?id=1547762"]
[Date "2018.10.30"]
[Round "2"]
[White "AsterixTwin"]
[Black "pdebonis"]
[Result "0-1"]
[WhiteElo "2541"]
[BlackElo "2499"]

1. e4 e6 2. d4 d5 3. Nc3 Nf6 4. Bg5 Bb4 5. exd5 Qxd5 6. Bxf6 Bxc3+ 7. bxc3 gxf6
8. Qd2 Nc6 9. Qf4 e5 10. Qxf6 Rg8 11. Qf3 Be6 12. Qxd5 Bxd5 13. O-O-O Bxg2 14.
Bxg2 Rxg2 15. Nh3 O-O-O 16. dxe5 Nxe5 17. Rxd8+ Kxd8 18. Kd1 Ke7 19. Ke2 Rg4 20.
Rb1 Rh4 21. Ng1 b6 22. h3 Ra4 23. Rb2 c5 24. Nf3 Re4+ 0-1

[Event "AUTO-MASTER-2674"]
[Site "http://www.queenalice.com/game.php?id=1547763"]
[Date "2018.10.30"]
[Round "2"]
[White "pdebonis"]
[Black "AsterixTwin"]
[Result "1-0"]
[WhiteElo "2512"]
[BlackElo "2510"]

1. d4 Nf6 2. Bg5 d5 3. e3 Ne4 4. Bf4 e6 5. Bd3 Bd6 6. Ne2 O-O 7. c4 b6 8. cxd5
exd5 9. O-O Bb7 10. Nbc3 Nxc3 11. bxc3 Bxf4 12. Nxf4 Nd7 13. Qb3 Nf6 14. a4 a5
15. c4 dxc4 16. Bxc4 Ba6 17. Bxa6 Rxa6 18. Rac1 Ra8 19. Rc6 Qd7 20. Rfc1 Rfc8
21. Qc4 Ne8 22. Nd5 Nd6 23. Rxc7 Nxc4 24. Rxd7 Kf8 25. Rc7 Nd6 26. Nxb6 Rxc7 27.
Rxc7 Ra6 28. Rc6 1-0

[Event "AUTO-OPEN-3878"]
[Site "http://www.queenalice.com/game.php?id=1553988"]
[Date "2018.12.24"]
[Round "3"]
[White "PauloSantoro"]
[Black "pdebonis"]
[Result "0-1"]
[WhiteElo "2149"]
[BlackElo "2497"]

1. e4 c5 2. Nf3 d6 3. d4 cxd4 4. Nxd4 Nf6 5. Nc3 a6 6. Be3 e5 7. Nb3 Be6 8. f3
Be7 9. Qd2 O-O 10. O-O-O Nbd7 11. g4 b5 12. g5 Nh5 13. Kb1 Nb6 14. Rg1 Qc7 15.
f4 Nc4 16. Bxc4 bxc4 17. Nc1 Nxf4 18. Bxf4 exf4 19. Qxf4 Rab8 20. Nd5 Bxd5 21.
exd5 g6 22. h4 a5 23. h5 a4 24. a3 Qc5 25. Ka1 c3 26. Nd3 cxb2+ 27. Nxb2 Qxa3+
0-1

[Event "AUTO-OPEN-3878"]
[Site "http://www.queenalice.com/game.php?id=1553989"]
[Date "2018.12.24"]
[Round "3"]
[White "pdebonis"]
[Black "PauloSantoro"]
[Result "1-0"]
[WhiteElo "2498"]
[BlackElo "2147"]

1. e4 c5 2. Nf3 e6 3. d4 cxd4 4. Nxd4 a6 5. Bd3 Bc5 6. Nb3 Be7 7. O-O d6 8. Qg4
g6 9. Qe2 Nd7 10. f4 Ngf6 11. c4 Qc7 12. Nc3 b6 13. Be3 Bb7 14. Rad1 h5 15. Bd4
e5 16. fxe5 dxe5 17. Be3 Ng4 18. Bd2 Nc5 19. h3 Nxb3 20. axb3 Bc5+ 21. Kh1 O-O-O
22. Nd5 Qd6 23. b4 Bd4 24. c5 bxc5 25. bxc5 Bxc5 26. Ra1 Bxd5 27. exd5 Qxd5 28.
Bxa6+ Kd7 29. Bc4 Qd4 30. Rxf7+ Ke8 31. Raf1 Nf6 32. R7xf6 Qxd2 33. Qxe5+ Be7
34. Bb5+ Rd7 35. Qb8+ 1-0

[Event "AUTO-OPEN-3879"]
[Site "http://www.queenalice.com/game.php?id=1556564"]
[Date "2019.1.13"]
[Round "3"]
[White "astrologo"]
[Black "pdebonis"]
[Result "0-1"]
[WhiteElo "2265"]
[BlackElo "2508"]

1. c4 Nf6 2. Nc3 e6 3. g3 d5 4. cxd5 exd5 5. d4 c6 6. Bg2 Bd6 7. Nh3 O-O 8. O-O
Re8 9. Nf4 Na6 10. Nd3 Qb6 11. e3 Nb4 12. Nxb4 Qxb4 13. Qa4 Qxa4 14. Nxa4 Bf5
15. Nc3 Nd7 16. Re1 Nb6 17. b3 a5 18. Bb2 a4 19. e4 a3 20. Bxa3 Bxa3 21. exf5
Bb2 22. Rxe8+ Rxe8 0-1

[Event "AUTO-OPEN-3879"]
[Site "http://www.queenalice.com/game.php?id=1556565"]
[Date "2019.1.13"]
[Round "3"]
[White "pdebonis"]
[Black "astrologo"]
[Result "1-0"]
[WhiteElo "2511"]
[BlackElo "2260"]

1. e4 e5 2. Nf3 Nc6 3. Bb5 a6 4. Bxc6 dxc6 5. O-O Bd6 6. d4 Bg4 7. dxe5 Bxf3 8.
Qxf3 Bxe5 9. Qb3 b5 10. Nd2 Ne7 11. Nf3 Qd6 12. Be3 Ng6 13. Nxe5 Qxe5 14. f4 Qe6
15. Qa3 Qc4 16. Rfd1 b4 17. Qb3 Qxb3 18. axb3 O-O 19. Ra5 Rfe8 20. Rd4 Reb8 21.
f5 Ne7 22. Rd7 1-0

[Event "AUTO-OPEN-3868"]
[Site "http://www.queenalice.com/game.php?id=1572675"]
[Date "2019.5.29"]
[Round "2"]
[White "Rutty"]
[Black "pdebonis"]
[Result "0-1"]
[WhiteElo "2073"]
[BlackElo "2526"]

1. e4 c5 2. Nf3 d6 3. d4 cxd4 4. Nxd4 Nf6 5. Nc3 g6 6. Bb5+ Bd7 7. O-O Bxb5 8.
Re1 Ba6 9. b3 Bg7 10. Bb2 O-O 11. Nd5 e5 12. Nxf6+ Qxf6 13. Nf3 Nd7 14. Ba3 Nc5
15. c4 b6 16. b4 Ne6 17. b5 Bb7 18. Qxd6 Rfd8 19. Qb4 Bf8 20. Qc3 Bxa3 21. Qxa3
Nc5 22. Qc3 Rd3 23. Qxe5 Rxf3 0-1

[Event "AUTO-OPEN-3868"]
[Site "http://www.queenalice.com/game.php?id=1572676"]
[Date "2019.5.29"]
[Round "2"]
[White "pdebonis"]
[Black "Rutty"]
[Result "1-0"]
[WhiteElo "2525"]
[BlackElo "2077"]

1. e4 e5 2. Nf3 Nc6 3. Bb5 Bc5 4. c3 Nf6 5. d4 exd4 6. e5 Qe7 7. O-O Nd5 8. cxd4
Bb6 9. Bc4 Ndb4 10. a3 Na6 11. Nc3 O-O 12. Nd5 Qe8 13. Ng5 h6 14. Ne4 Qd8 15.
Nef6+ gxf6 16. Nxf6+ 1-0

[Event "AUTO-OPEN-3868"]
[Site "http://www.queenalice.com/game.php?id=1572681"]
[Date "2019.5.29"]
[Round "2"]
[White "pdebonis"]
[Black "RJOliveira"]
[Result "1-0"]
[WhiteElo "2527"]
[BlackElo "1757"]

1. e4 e5 2. Nf3 d6 3. d4 Bg4 4. dxe5 Nc6 5. Bb5 a6 6. Bxc6+ bxc6 7. O-O d5 8.
Qd3 Be7 9. Nc3 Bxf3 10. Qxf3 f6 11. Bf4 fxe5 12. Bxe5 1-0

[Event "AUTO-OPEN-3868"]
[Site "http://www.queenalice.com/game.php?id=1572682"]
[Date "2019.5.29"]
[Round "2"]
[White "RJOliveira"]
[Black "pdebonis"]
[Result "0-1"]
[WhiteElo "1755"]
[BlackElo "2528"]

1. e4 c5 2. Bc4 e6 3. c3 d5 4. exd5 exd5 5. Bb5+ Nc6 6. d4 cxd4 7. cxd4 Bd6 8.
Nf3 Ne7 9. O-O O-O 10. Nc3 Bg4 11. Bg5 Bxf3 12. Qxf3 Nxd4 0-1

[Event "AUTO-OPEN-3868"]
[Site "http://www.queenalice.com/game.php?id=1582134"]
[Date "2019.9.1"]
[Round "3"]
[White "pdebonis"]
[Black "Dogeval"]
[Result "1/2-1/2"]
[WhiteElo "2535"]
[BlackElo "2793"]

1. d4 Nf6 2. c4 e6 3. Nc3 Bb4 4. e3 c5 5. Bd3 O-O 6. Ne2 d5 7. cxd5 cxd4 8. exd4
Nxd5 9. a3 Bd6 10. O-O Nf6 11. Bg5 Bd7 12. b4 h6 13. Bxf6 Qxf6 14. Ne4 Qe7 15.
N2c3 Rd8 16. Bc2 Bc7 17. Qd3 Bc6 18. Ng3 g6 19. Rfe1 Qf6 20. b5 Bd5 21. Rad1 Nd7
22. Nge4 Bxe4 23. Nxe4 Qe7 24. Bb3 Rac8 25. Qf3 Kg7 26. Re3 Bb6 27. Red3 Nf6 28.
Nxf6 Qxf6 29. Qxf6+ Kxf6 30. g3 Rd7 31. Kg2 Rcd8 32. d5 e5 33. Re1 Bc7 34. Re4
Kg7 35. Ra4 Bb8 36. Rc3 f5 37. f3 Rd6 38. Rb4 R6d7 39. Ra4 Kf6 40. b6 a6 41. Rb4
Bd6 42. Rbc4 Rf8 43. a4 a5 44. Rc8 Rdf7 45. Rxf8 Rxf8 46. Bc2 Re8 47. Kf2 h5 48.
h3 g5 49. g4 hxg4 50. fxg4 fxg4 51. hxg4 e4 52. Rc4 e3+ 53. Ke2 Bf4 54. Rc7 Rh8
55. Bh7 Ke5 56. Rxb7 Kxd5 57. Rf7 Kc5 58. b7 Kb6 59. Kf3 Ka6 60. Rd7 1/2-1/2

[Event "AUTO-OPEN-3868"]
[Site "http://www.queenalice.com/game.php?id=1582135"]
[Date "2019.9.1"]
[Round "3"]
[White "Dogeval"]
[Black "pdebonis"]
[Result "1/2-1/2"]
[WhiteElo "2785"]
[BlackElo "2529"]

1. e4 c5 2. Nf3 d6 3. d4 cxd4 4. Nxd4 Nf6 5. Nc3 g6 6. Be3 Bg7 7. f3 O-O 8. Qd2
Nc6 9. g4 Be6 10. Nxe6 fxe6 11. O-O-O Rc8 12. Bc4 Qd7 13. Bb3 Na5 14. Qe2 Nxb3+
15. axb3 Qd8 16. Bd2 Nd7 17. h4 Qc7 18. h5 b5 19. hxg6 hxg6 20. Qxb5 Rxf3 21.
Rdf1 Ne5 22. Kb1 Rb8 23. Qe2 Rbf8 24. Nd1 Rxf1 25. Rxf1 Rxf1 1/2-1/2